00000000nam##2200000za#4500
0019.642164
003CaOODSP
00520210624223553
007cr |||||||||||
008150407|1998||||xxc|||||o    f|0| 0 fre|d
040 |aCaOODSP|bfre
043 |an-cn---
0861 |aRH64-103/2002F-PDF
1101 |aCanada.|bDéveloppement des ressources humaines Canada. |bPolitique stratégique.
24510|aProgrammes de création directe d'emplois / |h[ressource électronique]|c[publié par] Évaluation et développement des données. [Rédigé par] Arun S. Roy et Ging Wong.
260 |aOttawa - Ontario : |bDéveloppement des ressources humaines Canada. |cDécembre 1998.
300 |a62p.|bfigures, références, tableaux
590 |a13-16-Supp|b2013-07-12
77508|tDirect job creation programs - evaluation lessons / |w(CaOODSP)9.698171
85640|ahttp://publications.gc.ca|qPDF|s128 Ko|uhttps://publications.gc.ca/collections/collection_2013/rhdcc-hrsdc/RH64-103-1998-fra.pdf
986 |aSP-AH082F-12-98